01127cam a22003254i 4500003000900000005001700009008004100026035002000067040003300087082001500120100003000135245004700165264002700212300003900239336002000278337002400298338002200322505036100344526001000705526001000715526001000725526001000735526000800745526000800753526000800761526000800769526000800777526000800785526000800793PE-LiUPU20250731172927.0 s1990 r 000 0 spa d a(Sirsi) a204025 aPE-LiUPUbspacPE-LiUPUerda04a276.7bM261 aMarc Éla, Jean,eautor. aMy faith as an African /cJean-Marc Éla. aEE.UU :bORBIS,c1990. a187 páginas ;c19 centímetros. text2rdacontent unmediated2rdamedia volume2rdacarrier0 aAn Itinerary -- The Anceestors and christ faith -- Telling the story of God's revelation -- The future of local communities -- The health of those without dignity -- The Granary is empty -- Is God neutral? -- The gospel is at the heart of conflicts -- The generations of independence -- Speaking about God to africans -- Conclusion theology under the tree. aSEG42 aSEG41 aSEG40 aSEG39 aP94 aP87 aP86 aP85 aP77 aP76 aP35